Normal view
MARC view
- ترجمة: راغ، لونسدال ، لورا راغ ، خليل سعادة ؛ تقديم: محمد رشيد ؛ تقديم وتحقيق وتعليق:احمد حجازي السقا
Entry Personal Name
001 - CONTROL NUMBER
- control field: 35292
003 - CONTROL NUMBER IDENTIFIER
- control field: JO-AjAnu
005 - DATE AND TIME OF LATEST TRANSACTION
- control field: 20230606075913.0
008 - FIXED-LENGTH DATA ELEMENTS
- fixed length control field: 230606|| aca||aabn | a|a d
040 ## - CATALOGING SOURCE
- Original cataloging agency: JO-AjAnu
- Transcribing agency: JO-AjAnu
100 ## - HEADING--PERSONAL NAME
- Personal name: ترجمة: راغ، لونسدال ، لورا راغ ، خليل سعادة ؛ تقديم: محمد رشيد ؛ تقديم وتحقيق وتعليق:احمد حجازي السقا
670 ## - SOURCE DATA FOUND
- Source citation: Work cat.: (JO-AjAnu)18124: ترجمة: راغ، لونسدال ، لورا راغ ، خليل سعادة ؛ تقديم: محمد رشيد ؛ تقديم وتحقيق وتعليق:احمد حجازي السقا , author, إنجيل برنابا = Gospel of Barnaba